| 000 | 00700cam a22002537a 4500 | ||
|---|---|---|---|
| 001 | 17299716 | ||
| 003 | 0 | ||
| 005 | 20170215145421.0 | ||
| 008 | 120515s2011 mnua 001 0 eng d | ||
| 010 | _a 2012405223 | ||
| 020 | _a9780763837501 | ||
| 020 | _a0763837504 | ||
| 040 | _cSPU | ||
| 042 | _alccopycat | ||
| 050 | 0 | 0 |
_aQA 76.17 _b.O97 2011 |
| 245 | 0 | 0 |
_aOur digital world : _bintroduction to computing / _cJon Gordon ... [et al.]. |
| 260 |
_aSt. Paul, MN : _bParadigm Pub., _cc2011. |
||
| 300 |
_axvi, 278 p. : _bill. ; _c28 cm. |
||
| 650 | 0 | _aComputer science. | |
| 650 | 0 | _aHistory of computing. | |
| 650 | 0 |
_aComputers _xHistory. |
|
| 700 | 1 |
_aGordon, Jon, _d1971- |
|
| 942 |
_2lcc _cBK |
||
| 999 |
_c48668 _d48668 |
||